000 00653nam a2200229Ia 4500
003 OSt
005 20220918205945.0
006 a|||||r|||| 00| 0
007 ta
008 220917b |||||||| |||| 00| 0 eng d
024 _a118,531
037 _cTextual
040 _aARTS
_cARTS
_beng
041 _2eng
_aeng
082 _aV73:1904:M9, K3
100 _aDennett Tyler
_9116661
245 0 _aAmerican in Eastern Aisa
_b a critical study of United States policy in the Far east in the nineteenth century
260 _c1963
650 _aHISTORY
942 _hV73:1904:M9, K3
_cTEXL
_2CC
999 _c241800
_d241800